Disadvantages of the Traditional Profitability Ratios

Rentability pomer, ako napríklad ROE, návratnosť investícií, ROA a ROS sa používajú v mnohých oblastiach finančného riadenia. Skutočnosti, ktoré by mohli viesť k pochybnostiam, najmä počas finančného rozhodovacieho procesu.

Salvato in:
Dettagli Bibliografici
Autore principale: Markovič, Peter, 1974-
Altri autori: Smorada, Marián, 1984-, Šrenkel, Ľudovít
Natura: Capitolo di libro
Lingua:inglese
Soggetti:
Tags: Aggiungi Tag
Nessun Tag, puoi essere il primo ad aggiungerne!!

MARC

LEADER 00000nla a2200000 4500
001 0212928
005 20240502083533.4
041 0 |a eng 
044 |a CZ 
245 1 0 |a Disadvantages of the Traditional Profitability Ratios  |c Peter Markovič, Marián Smorada, Ľudovít Šrenkel 
520 |a Rentability pomer, ako napríklad ROE, návratnosť investícií, ROA a ROS sa používajú v mnohých oblastiach finančného riadenia. Skutočnosti, ktoré by mohli viesť k pochybnostiam, najmä počas finančného rozhodovacieho procesu. 
610 2 0 |a analýza finančná 
610 2 0 |a ciele finančné 
610 2 0 |a cash flow 
610 2 0 |a financie podnikové 
610 2 0 |a hospodárenie finančné 
610 2 0 |a riadenie finančné 
610 2 0 |a rentabilita podniku 
100 1 |a Markovič, Peter, 1974- 
700 1 |a Smorada, Marián, 1984- 
700 1 |a Šrenkel, Ľudovít